000 00295nam a2200121Ia 4500
008 190216s9999||||xx |||||||||||||| ||und||
100 _a"Kavithasamithi, Trivanathapuram"
245 0 _aKavitha 1138
260 _bNational Book Stall
_c1963
300 _a107p
650 _aKavithkal
942 _cBK
999 _c23848
_d23848